000
00394nam a2200145Ia 4500
008
230917s9999||||xx |||||||||||||| ||und||
040
_e
168700
_a
MAIN
041
_a
English
082
_a
891.433721 BB769M
100
_a
बृज भूषण
245
0
_a
मोर्चे पर
260
_a
अजमेर
_b
कृष्णा बर्दस
_c
1970
300
_a
271 p.
942
_c
HN
999
_c
107328
_d
107328